[Event "NED-ch57"]
[Site "Leeuwarden"]
[Date "2002.06.23"]
[Round "4"]
[White "Van Wely, Loek"]
[Black "Van der Wiel, John"]
[Result "1-0"]
[WhiteElo "2642"]
[BlackElo "2509"]
[Annotator "Ribli,Z"]
[PlyCount "67"]
[EventDate "2002.06.20"]
[EventType "tourn"]
[EventRounds "9"]
[EventCountry "NED"]
[EventCategory "13"]
[SourceTitle "CBM 090"]
[Source "ChessBase"]
[SourceDate "2002.09.20"]
[SourceVersion "1"]
[SourceVersionDate "2002.09.20"]
[SourceQuality "1"]

1. d4 d6 2. Nf3 Bg4 {Diese Nebenvariante ist populär in letzter Zeit. Nach
meiner Meinung hat Schwarz wenig Chancen auf Ausgleich, aber auf diese Weise
kann er die theoretische Hauptlinien vermeiden.} 3. c4 Bxf3 4. exf3 {Ich
glaube, diese natürliche Zurückname gibt Weiß gute Chancen auf
Eröffnungsvorteil.} g6 5. Nc3 (5. h4 $5) (5. Bd3 Bg7 6. O-O Nd7 (6... Bxd4 $4
7. Be4 $18) 7. d5 Ngf6 8. Nc3 O-O 9. Re1 c6 10. Bf1 Nc5 11. Be3 Nfd7 12. Qd2
$14) 5... Bg7 6. h4 $5 {[%mdl 4] Weiß bestimmt noch nicht seine weitere
Figurenentwicklung, er strebt zu einer sofortigen Initiative am Königsflügel.}
(6. Be3 Nd7 (6... c6 7. Qb3 Qc7 8. Be2 Nd7 9. O-O Nh6 10. g4 $5 f5 11. d5 O-O
12. c5 {1-0 Ftacnik,L-Rogovski,V/Cappelle la Grande 1997/CBM 57 ext (31)}) (
6... e6 7. d5 (7. Qb3 Qc8 8. h4 $5) 7... Ne7 8. Bd3 exd5 (8... O-O $5) 9. cxd5
Bxc3+ 10. bxc3 Nxd5 11. Bb5+ c6 12. Qxd5 O-O 13. Bxc6 Nxc6 14. O-O Re8 15. Rfd1
Re6 16. f4 Qc7 $11 {Dautov,R-Van der Wiel,J/Nederland - Deutschland 79/(42)
2000/[Dautov,R] (16)}) 7. h4 h5 8. Rc1 (8. g3 Nh6 9. Bh3 c6 10. O-O Nf5 11.
Bxf5 gxf5 12. Bg5 Nf8 13. Re1 Ng6 14. Ne2 Qd7 15. Nf4 {1/2-1/2 Eingorn,
V-Agrest,E/Berlin 1993/TD (64)}) 8... Nh6 (8... e6 9. d5 exd5 10. cxd5 Ne7 11.
Bg5 O-O 12. Bd3 Nf6 13. O-O Nh7 14. Bd2 a6 15. Re1 {1-0 Eingorn,V-Berelovich,A/
Swidnica 1997/EXT 2000 (41)}) 9. g4 hxg4 10. fxg4 f5 11. Be2 Nxg4 12. Bxg4 fxg4
13. Qxg4 Nf8 14. Qe4 c6 15. Kd2 {1/2-1/2 Komarov,D-Hodgson,J/FRA 1999/EXT 2000
(15)}) (6. g3) 6... h5 (6... Nf6 7. g4) 7. Be3 c6 8. Bd3 $14 {Weiß hat eine
sehr aktive Stellung - er hat eine starke Zentrumstellung, das Läuferpaar und
Angriffschancen am Königsflügel.} Nf6 9. g4 Na6 10. g5 Nd7 11. f4 Qb6 $6 {
Üeberflüssige "Aktivität" - es wäre besser die Stellung mit 11...e6
geschlossen zu halten (das ist gewöhnlich eine gute Strategie, wenn der Gegner
das Läuferpaar hat).} (11... e6 $1 {[%cal Gd6d5]} 12. d5 $14) 12. O-O $1 {
Weiß beschäftigt sich nicht mit dem b2-Bauern, er strebt nach schneller
Entwicklung.} Qxb2 (12... Bxd4 $4 13. Na4 $18) (12... O-O 13. f5 $36) 13. Na4
Qa3 14. Bc1 Qb4 15. Rb1 (15. Bd2 $6 Qa3 {Auf diese Weise - wenn möchte - kann
Weiß die Züge wiederholen.}) 15... Qa5 16. Rxb7 $16 {[%csl Gb7] Weiß hat eine
aktive Stellung, während Schwarz Schwierigkeiten mit der Figurenkoordination
hat.} Bxd4 17. Be4 c5 (17... Nac5 18. Qxd4 e5 19. Qxd6 Nxb7 20. Qxc6 Rb8 21.
Rd1 $18) (17... Bg7 18. Bxc6 Nab8 19. Rb5 $18) 18. Qb3 $1 Qd8 $2 (18... Rd8 19.
Rxa7 $16) {[#]} 19. Rxd7 $1 {[%mdl 64]} Qxd7 (19... Kxd7 20. Qb5+ Ke6 21. Bd5+
Kf5 22. Qb3 $18 {[%csl Rf5]}) 20. Bxa8 $18 {Schwarz bekam nur einen Bauern für
die Figur - Weiß steht auf Gewinn.} O-O 21. Bg2 Rb8 22. Qa3 {Weiß muss
vorsichtigt sein, sein a4N steht schlecht.} (22. Qd1 $2 Rb4 {[%csl Ra4]}) 22...
Nb4 23. Nb2 Rb6 24. Qb3 (24. Bh3 $18) (24. Nd3 $18) 24... Na6 25. Qa3 Nb4 26.
Nd3 Ra6 27. Qb3 Nxa2 (27... Nxd3 28. Qxd3 Rxa2 29. Be3 $18) 28. Bb2 {Das ist
eine gute Idee - die beste schwarze Figur zu tauschen.} Qa4 29. Qb8+ Kg7 30.
Bxd4+ cxd4 31. Qc7 Nc3 (31... e6 32. f5 $1 exf5 (32... gxf5 33. Nf4 $18) 33.
Bd5 Qe8 34. Re1 Qf8 35. Re7 $18) (31... Qc2 32. Qxe7 Qxd3 33. Qf6+ Kg8 34. Re1
$18) 32. Qxe7 Qxc4 33. Qf6+ Kh7 34. Re1 1-0

[Event "Kecskemet"]
[Site "Kecskemet"]
[Date "1990.??.??"]
[Round "11"]
[White "Schlosser, Philipp"]
[Black "Arkhipov, Sergey"]
[Result "1/2-1/2"]
[WhiteElo "2465"]
[BlackElo "2440"]
[Annotator "Ribli,Z"]
[PlyCount "40"]
[EventDate "1990.06.??"]
[EventType "tourn"]
[EventRounds "13"]
[EventCountry "HUN"]
[EventCategory "8"]
[SourceTitle "CBM 020"]
[Source "ChessBase"]
[SourceDate "1991.02.01"]
[SourceVersion "1"]
[SourceVersionDate "1991.02.01"]
[SourceQuality "1"]

1. Nf3 d6 2. d4 Bg4 3. e4 Nd7 4. c4 e5 5. Be2 Be7 6. Nc3 Bxf3 7. Bxf3 Bg5 8.
Bg4 (8. Bxg5 Qxg5 9. O-O Nh6 (9... Qd8 10. Bg4 Ngf6 11. f4 O-O {
Dzindzichasvili,R-Miles,A USA-ch 1989 CBM/19}) 10. b4 O-O {Stohl,I-Miles,A
Manila izt 1990 CBM/19}) (8. O-O Bxc1 9. Rxc1 Ngf6 10. g3 O-O 11. Bg2 {Lautier,
J-Miles,A Biel-A 1990 CBM/19}) 8... Bxc1 9. Rxc1 Ngf6 10. Bxd7+ Nxd7 11. O-O
O-O 12. Qd2 c6 13. Rfd1 Nf6 14. b4 Qe7 15. d5 Rfd8 16. Qe3 a5 17. dxc6 axb4 18.
Nd5 Nxd5 19. cxd5 bxc6 20. dxc6 Qc7 1/2-1/2

[Event "Vienna Bawag"]
[Site "Vienna"]
[Date "1996.??.??"]
[Round "5"]
[White "Fauland, Alexander"]
[Black "Roth, Peter"]
[Result "1-0"]
[WhiteElo "2430"]
[BlackElo "2315"]
[Annotator "Ribli,Z"]
[PlyCount "119"]
[EventDate "1996.05.??"]
[EventType "tourn"]
[EventRounds "9"]
[EventCountry "AUT"]
[EventCategory "9"]
[SourceTitle "CBM 054"]
[Source "ChessBase"]
[SourceDate "1996.10.01"]
[SourceVersion "1"]
[SourceVersionDate "1996.10.01"]
[SourceQuality "1"]

1. Nf3 {King} d6 2. d4 Bg4 {Eine heutzutage sehr modische Nebenvariante.} 3.
Nbd2 {Nach meiner Meinung sind die Zuege 3.e4 oder 3.c4 besser.} Nd7 4. h3 Bxf3
{Das ist eine genuegsame Fortsetzung.} (4... Bh5 5. g4 Bg6 6. Bg2 e6 7. c4 Be7
8. Qb3 Rb8 9. e4 c6 10. Qe3 h6 11. b3 Ngf6 12. Bb2 $14 {Fauland,A-Roth,P/
AUT-chT 9293/}) 5. Nxf3 e5 (5... Ngf6 6. Bf4 g6 7. c3 c6 8. Qc2 Nh5 9. Bh2 Bg7
10. e3 O-O 11. Be2 $14 {Mueller,M-Prueske,W/Dortmund op/1987/}) 6. e4 Ngf6 7.
Bc4 {Wir haben eine ähnliche Stellung, wie in der Philidor-Verteidigung.} Be7 (
7... Nxe4 8. dxe5 (8. Qe2 Nef6 9. dxe5 Nxe5 10. Nxe5 dxe5 11. Qxe5+ Qe7 (11...
Be7 12. Qb5+) 12. f4 O-O-O 13. Qxe7 Bxe7 14. Bxf7) (8. Bd5) 8... dxe5 $2 (8...
Nxe5) 9. Bxf7+ Kxf7 10. Qd5+) 8. O-O O-O 9. Re1 c6 10. c3 $14 Qc7 11. Bb3 {
Weiss hat ein Überlegewicht im Zentrum und das Läuferpaar.} Rae8 12. Bg5 Bd8
13. Bc2 h6 14. Bd2 Nh7 15. Bb3 {Es ist für beide Spieler schwer, einen guten
Plan zu finden . Weiss ist auch nicht überzeugend mit 11.Bb3,13.Bc2,15.Bb3.}
Kh8 16. Qe2 Ndf6 17. dxe5 dxe5 18. Rad1 Nd7 19. Be3 b6 20. a4 Nc5 21. Bc2 Ne6
22. Qc4 Bf6 23. b4 $1 Rd8 {Es wäre logisch für mich, 23...Nhg5 zu spielen, um
sich von dem passiven Springer zu befreien. Auf 24.Nd2 folgt 24...Nf4.} 24. Bb3
Rxd1 25. Rxd1 Rd8 26. Rxd8+ Bxd8 27. b5 c5 (27... cxb5 28. Qxb5) 28. Qd5 Bf6
29. Qa8+ Nd8 30. Bd5 {Weiss dominiert am Damenflügel. Jetzt darf Schwarz
bereuen, dass er im 4.Zug so leichtsinnig seinen Läufer abgegeben hat.} Nf8 31.
Nd2 Kh7 32. Nc4 Nfe6 33. g3 {Weiss hat viel Zeit und läßt Nf4 nicht zu.} g5 $2
{Vielleicht vermeidet dies späteres f4,aber auf f5 entsteht ein grosses "Loch".
} 34. Bc1 Nf8 35. Ne3 Ng6 36. Bc4 Ne7 37. Kg2 Kg7 38. Bd5 Kh7 39. Kf1 $1 {
Die letzte weisse Figur strebt zum Damenflügel.} Kg7 40. Ke2 Kh7 41. Kd3 Qd7 $6
{Guter Rat für Schwarz ist teuer, der Textzug gibt jedenfalls mehr Raum fuer
Weiss.} 42. Qb8 Bg7 43. Kc4 Ne6 44. Ba3 Kg6 45. Qb7 Qxb7 46. Bxb7 Nc7 47. a5 {
Dieser thematische Vorstoß entscheidet die Partie.} Ne8 48. Nf5 $18 Nxf5 49.
exf5+ Kxf5 50. Kd5 Bf8 51. a6 {King: A typical winning method for this kind of
position. The king marches in and captures the a7 pawn. Schwarz kann den Baurn
a7 kaum halten.} Nd6 52. c4 {Es droht 53.Bxc5 bxc5 54.b6.} Ne8 53. Bc8+ Kg6 54.
Bd7 Nf6+ 55. Kc6 Nxd7 56. Kxd7 f5 57. Kc6 f4 58. gxf4 gxf4 59. Kb7 e4 60. Bc1 {
Jetzt folgt auf 60...e3 61.Bxe3 fxe3 62.fxe3 und Weiss gewinnt.} (60. Kxa7 e3
61. fxe3 f3 62. Kxb6 f2 63. a7 f1=Q 64. a8=Q {ist auch gut, aber die
Partiefortsetzung ist noch besser.}) 1-0

[Event "YUG-ch 57th"]
[Site "Banja Koviljaca"]
[Date "2002.03.27"]
[Round "11"]
[White "Ilincic, Zlatko"]
[Black "Pikula, Dejan"]
[Result "1-0"]
[WhiteElo "2534"]
[BlackElo "2466"]
[Annotator "Ribli,Z"]
[PlyCount "109"]
[EventDate "2002.03.16"]
[EventType "tourn"]
[EventRounds "13"]
[EventCountry "YUG"]
[EventCategory "10"]
[SourceTitle "CBM 089"]
[Source "ChessBase"]
[SourceDate "2002.08.12"]
[SourceVersion "1"]
[SourceVersionDate "2002.08.12"]
[SourceQuality "1"]

1. d4 d6 2. Nf3 Bg4 {Diese Nebenvariante ist in jüngster Zeit sehr populär.
Meiner Meinung nach hat diese Variante alleine den Vorteil, dass Schwarz damit
theoretische Hauptlinien vermeiden kann.} 3. c4 (3. e4) 3... Bxf3 {Mit diesem
Zug fügt Schwarz der weißen Bauernstruktur zwar Schaden zu, dafür überlässt er
Weiß den Vorteil des Läuferpaares. Ich halte diese Spielweise - Bg4 und dann
sofort Bxf3 - für zu genügsam, Schwarz bekommt hier nicht die besten Chancen
auf Ausgleich.} (3... Nd7) 4. exf3 c6 5. Nc3 g6 6. Be3 (6. Qb3 Qc7 7. Be3 Bg7
8. g3 Nd7 9. Bh3 Ngf6 10. O-O O-O 11. Rac1 Nb6 12. a4 a5 13. f4 {1/2-1/2
Krasenkow,M-Torre,E/Yerevan 1996/EXT 97 (34)}) (6. d5 Bg7 7. Be3 c5 $2 8. Qd2
Na6 9. Be2 Qa5 10. O-O h6 11. Rfc1 Nf6 12. a3 Nd7 13. Rab1 Kf8 14. b4 Qd8 15.
f4 {1-0 Spassov,L-Llobel Cortell,E/Valencia 1998/EXT 2000 (31)}) 6... Nd7 (6...
Bg7 7. Be2 Nd7 8. Qd2 Ngf6 9. g4 $5 h6 $6 (9... O-O 10. g5 Ne8 (10... Nh5 11.
f4) 11. h4 $36) 10. O-O d5 11. cxd5 Nxd5 12. Nxd5 cxd5 13. Rac1 $14 {1-0
Iskusnyh,S-Zakharevich,I/Maikop 1998/CBM 66/[Ribli] (25)}) 7. Qd2 Ngf6 8. g4 $5
{[%mdl 4] Weiß spielt ähnlich wie in der Variante mit 6... Bg7 7.Be2 Nd7 8.Qd2
Ngf6 9.g4!?. Die Absicht von Weiß ist es, mit dem Bauernvorstoß den Nf6 zu
verjagen.} Nb6 {Schwarz macht Platz auf d7 für seinen anderen Springer.} (8...
Bg7 $6 9. g5 Nh5 10. f4 $14 {[%cal Gf1e2,Ge2h5]}) 9. h4 (9. g5 Nfd7) 9... d5 (
9... h5 10. g5 Nfd7 $14) 10. c5 Nbd7 (10... Nc4 $2 11. Bxc4 dxc4 12. Qe2 $16 {
[%csl Rc4]}) 11. h5 $36 {Weiß hat Raumvorteil und Entwicklungsvorsprung. Dafür
besitzt Schwarz eine solide, wenn auch etwas passive Stellung.} Rg8 (11... Bg7
12. h6 Bf8 13. g5 Nh5 {[%csl Rh5]} 14. f4 $16) 12. O-O-O b6 $8 {Ob dieser Zug
nun objektiv gut oder schlecht ist, - es ist die einzige Chance für Schwarz,
zu Gegenspiel zu kommen.} 13. Ba6 {[%cal Ra6b7,Rb7c6]} Rb8 (13... Qc7 $2 14.
Bf4 e5 15. dxe5 $18) (13... bxc5 14. Bb7 (14. dxc5 e5 15. Rhe1 $16) 14... cxd4
15. Bxd4 $16) 14. hxg6 hxg6 15. Bf4 {[%csl Rb8][%cal Rf4b8] Damit gewinnt Weiß
die Qualität.} bxc5 16. Bxb8 Qxb8 (16... Nxb8 17. Be2 $16) 17. dxc5 Nxc5 18.
Be2 $16 {Weiß hat eine Qualität mehr für nur einen Bauern. Schwarz steht
darüber hinaus vor dem Problem, seinen König in Sicherheit zu bringen.} e6 19.
Kb1 Bd6 $1 {[%csl Gd6,Yf4][%cal Gb8f4,Gf4d2] Schwarz hat die Kontrolle über
die schwarzen Felder.} 20. Qc2 Be5 $2 (20... Ke7 $142 $5 $14) 21. f4 $1 Bd6 (
21... Bxf4 22. Nxd5 cxd5 23. Qxc5 $16) (21... Bxc3 22. Qxc3 Nfe4 23. Qa3 $16)
22. Na4 Nfd7 (22... Nxa4 23. Qxc6+ Kf8 24. Qxa4 Bxf4 25. Rd4 $16) 23. Nxc5 Bxc5
(23... Nxc5 24. f5 (24. Rd4 $16) 24... gxf5 25. gxf5 e5 26. Rh7 $16) 24. f5 {
Weiß spielt einfach und logisch: der gegnerische König steht in der Mitte,
also öffnet er die Stellung.} gxf5 25. gxf5 e5 26. f6 $6 {Jetzt wird der Pf6
schwach.} (26. Rh6 $1 Qb6 27. f4 e4 (27... exf4 28. Qa4 $16) 28. Qa4 $16) 26...
Qd6 27. Rh6 Qe6 (27... Bxf2 $2 28. Bh5 Bd4 29. Bxf7+ Kxf7 30. Qh7+ Kf8 31. f7
$18) 28. Bf1 $5 {[%cal Rf1h3,Rh3d7] Der Läufer strebt auf die wichtige
Diagonale h3-c8.} Bf8 29. Bh3 Qd6 30. Rh4 Nb6 (30... Nxf6 31. Ra4 $16 (31. Rc4
dxc4 (31... c5 32. Qa4+ Kd8 33. Qxa7 $16) 32. Rxd6 Bxd6 33. Qxc4 $16)) 31. Qf5
(31. Rh5 Qxf6 32. f4 e4 $132 (32... exf4 33. Rf5)) 31... Rg6 32. f4 Qxf6 $6 (
32... e4 $142 $5) 33. Qxf6 Rxf6 34. fxe5 Rf2 (34... Rh6 35. Rxh6 Bxh6 $16) 35.
Rf1 Rxf1+ 36. Bxf1 {[%mdl 4096] Schwarz hat nur einen Bauern für die Qualität,
aber aufgrund des reduzierten Materials gibt es noch einige Rettungschancen.}
Bg7 {[%csl Re5]} 37. Ba6 Bxe5 38. Bb7 c5 (38... Kd7 39. Rh7 Ke6 40. Bxc6 Nc4
41. b3 $16) 39. Rh5 f6 (39... Bd4 40. Bxd5 Nxd5 41. Rxd5 $16) 40. Rh7 {[%cal
Gh7a7] Dieser Turmzug schneidet den schwarzen König vom Spiel ab.} Kd8 41. Bc6
a6 42. Ra7 c4 43. a4 $1 {Weiß möchte den Springer von b6 verjagen.} (43. Rxa6
Kc7 44. Bb5 Kb7 $14) 43... c3 44. b3 (44. a5 Nc4 45. bxc3 Bxc3 46. Bxd5 Nxa5
47. Kc2 Bb4 48. Rxa6 Kc7 49. Kd3 $16) 44... d4 45. Kc2 {[%csl Ra6] Weiß muss
zunächst den Pd4 blockieren.} (45. a5 $2 d3 $19) 45... a5 46. Rxa5 Kc7 47. Be4
{[%csl Ge4] Der Läufer steht ausgezeichnet auf e4, von hier aus blockiert er
die schwarzen Bauern.} Nd7 48. Rb5 Bd6 49. b4 $18 {Die verbundenen weißen
Freibauern entscheiden die Partie.} Nb8 50. Rb7+ Kc8 51. Rb6 Kc7 52. a5 f5 53.
Bg2 $5 (53. Bxf5 Nc6 54. Kb3 $18) 53... Be5 54. Rb7+ Kc8 55. Rb5 {[%cal Rb5f5]}
(55. Rb5 Bd6 56. a6 $18) 1-0

[Event "Kecskemet"]
[Site "Kecskemet"]
[Date "1990.??.??"]
[Round "2"]
[White "Karolyi, Tibor Jr"]
[Black "Arkhipov, Sergey"]
[Result "1/2-1/2"]
[WhiteElo "2440"]
[BlackElo "2440"]
[Annotator "Ribli,Z"]
[PlyCount "35"]
[EventDate "1990.06.??"]
[EventType "tourn"]
[EventRounds "13"]
[EventCountry "HUN"]
[EventCategory "8"]
[SourceTitle "CBM 020"]
[Source "ChessBase"]
[SourceDate "1991.02.01"]
[SourceVersion "1"]
[SourceVersionDate "1991.02.01"]
[SourceQuality "1"]

1. d4 d6 2. Nf3 Bg4 3. Nbd2 e6 (3... Nd7 4. e4 c6 5. Bd3 e5 {Hynes,K-Hodgson,
Ju Blackpool zt 1990 CBM/18}) 4. c4 Nd7 5. h3 Bh5 6. e4 c5 7. d5 exd5 8. cxd5
Ngf6 9. Qb3 Rb8 10. a4 Be7 11. Bd3 O-O 12. O-O a6 13. a5 Ne8 14. g4 Bg6 15. Nc4
h5 16. Qc2 hxg4 17. hxg4 Nef6 18. Nh2 $14 1/2-1/2

[Event "Groningen PCA"]
[Site "Groningen"]
[Date "1993.??.??"]
[Round "7"]
[White "Polgar, Zsuzsa"]
[Black "Wolff, Patrick G"]
[Result "0-1"]
[WhiteElo "2545"]
[BlackElo "2585"]
[Annotator "Ribli,Z"]
[PlyCount "52"]
[EventDate "1993.12.??"]
[EventType "swiss"]
[EventRounds "11"]
[EventCountry "NED"]
[SourceTitle "CBM 039"]
[Source "ChessBase"]
[SourceDate "1994.04.01"]
[SourceVersion "1"]
[SourceVersionDate "1994.04.01"]
[SourceQuality "1"]

1. Nf3 g6 2. e4 d6 3. c4 Bg7 4. d4 Bg4 5. Be2 Bxf3 6. Bxf3 Nc6 7. Be3 e5 8.
dxe5 $6 (8. d5 Nd4 9. Nc3 c5 $1 $13 {Neverov,V-Nevednichy,V/Bucharest/1993/
CBM34/} (9... Ne7 10. h4 c5 11. h5 $14 {Krasenkov,M-Zlotnikov,M/Voskresenk/
1992/CBM31/INF55,69/})) 8... dxe5 9. Nc3 Nd4 10. c5 c6 11. a3 Qe7 12. b4 Nf6
13. O-O O-O 14. Ra2 (14. Bxd4 Rfd8 15. Ne2 exd4 16. Nf4 Nxe4 17. Re1 f5 $17)
14... a5 $1 15. Bxd4 axb4 16. axb4 Rxa2 17. Nxa2 Rd8 18. Re1 Rxd4 19. Qb3 Bh6
20. h3 (20. Rd1 Nxe4 $1) (20. Nc3 Bd2 21. Rd1 Bxc3 22. Qxc3 Nxe4 $19) 20... Qd7
21. b5 cxb5 22. Be2 b4 23. Bc4 (23. Nxb4 Bd2 $19) 23... Nxe4 24. c6 bxc6 25.
Qxb4 Kg7 26. Re2 Qf5 0-1

[Event "Kecskemet"]
[Site "Kecskemet"]
[Date "1990.??.??"]
[Round "6"]
[White "Arkhipov, Sergey"]
[Black "Bilek, Istvan"]
[Result "1-0"]
[WhiteElo "2440"]
[BlackElo "2395"]
[Annotator "Ribli,Z"]
[PlyCount "77"]
[EventDate "1990.06.??"]
[EventType "tourn"]
[EventRounds "13"]
[EventCountry "HUN"]
[EventCategory "8"]
[SourceTitle "CBM 020"]
[Source "ChessBase"]
[SourceDate "1991.02.01"]
[SourceVersion "1"]
[SourceVersionDate "1991.02.01"]
[SourceQuality "1"]

1. c4 g6 2. e4 e5 3. Nf3 d6 4. d4 Nd7 5. Bg5 $5 Be7 6. Be3 Ngf6 7. Nfd2 (7. Nc3
$5) 7... Nf8 8. Be2 Ne6 9. d5 Nf4 (9... Nd4 $5) 10. Bf3 Nd3+ 11. Ke2 Nf4+ 12.
Kf1 h5 13. Nc3 Ng4 14. Nb3 c5 15. h3 Nf6 16. h4 Ng4 17. g3 Nxe3+ 18. fxe3 Nh3
19. Kg2 Qd7 20. Nd2 Rg8 21. Qf1 (21. Qa4 Qxa4 22. Nxa4 g5 23. Bxh5 (23. hxg5
Nxg5 24. Bxh5 Bd7 25. Nc3 O-O-O) 23... gxh4 (23... g4 24. Rhf1 Rg7 25. Rxf7
Rxf7 26. Rf1 $18) 24. Rxh3 Bxh3+ 25. Kxh3 Rxg3+ 26. Kh2 Kd7) 21... Rg7 (21...
g5 $5 22. Bxh5 Rg7 23. hxg5) 22. Bd1 Kf8 23. Ba4 Qg4 24. Nf3 g5 25. Nh2 Nf4+
26. exf4 Qh3+ 27. Kf2 exf4 28. Qxh3 Bxh3 29. Nf3 fxg3+ 30. Kxg3 Bg4 31. hxg5 f6
32. Raf1 Kg8 33. Bd1 Rf8 34. g6 f5 35. exf5 Rxf5 36. Nh4 Rg5 37. Ne4 Re5 38.
Bxg4 Rxe4 39. Bxh5 1-0

[Event "Altensteig"]
[Site "Altensteig"]
[Date "1990.??.??"]
[Round "6"]
[White "Wirthensohn, Heinz"]
[Black "Stangl, Markus"]
[Result "1-0"]
[WhiteElo "2430"]
[BlackElo "2435"]
[Annotator "Ribli,Z"]
[PlyCount "81"]
[EventDate "1990.07.??"]
[EventType "tourn"]
[EventRounds "11"]
[EventCountry "GER"]
[EventCategory "9"]
[SourceTitle "CBM 020"]
[Source "ChessBase"]
[SourceDate "1991.02.01"]
[SourceVersion "1"]
[SourceVersionDate "1991.02.01"]
[SourceQuality "1"]

1. Nf3 g6 2. c4 Bg7 3. Nc3 d6 4. d4 Bg4 5. e3 Nc6 6. Be2 e5 7. d5 (7. Nxe5 $5 {
Landerbergue,C-D'Amore,C Biel-B 1990 CBM/19}) 7... Nce7 8. Qb3 $5 Bxf3 9. Bxf3
b6 10. Qa4+ Kf8 11. O-O Nf6 (11... f5 $5) 12. e4 h5 13. Qc2 Bh6 14. Bxh6+ Rxh6
15. b4 Kg7 16. c5 Ne8 17. Rac1 a6 18. Qe2 f5 19. g3 h4 20. g4 $1 h3 21. Kh1 f4
22. g5 Rh7 23. Bg4 Kh8 24. cxb6 cxb6 25. b5 Ng8 26. bxa6 Qxg5 27. Rg1 Qf6 28.
Nb5 f3 29. Qe3 Rxa6 30. Rc8 Re7 31. Be6 Qf4 32. Qxf4 exf4 33. Rxg6 Rxa2 34.
Rxg8+ Kh7 35. Rg1 Rxf2 36. Nd4 Rg7 37. Rxe8 Rgg2 38. Nxf3 $1 Rxf3 39. Rxg2
hxg2+ 40. Kxg2 Rc3 41. Rd8 1-0

[Event "Altensteig"]
[Site "Altensteig"]
[Date "1990.??.??"]
[Round "8"]
[White "Smejkal, Jan"]
[Black "Stangl, Markus"]
[Result "1-0"]
[WhiteElo "2545"]
[BlackElo "2435"]
[Annotator "Ribli,Z"]
[PlyCount "115"]
[EventDate "1990.07.??"]
[EventType "tourn"]
[EventRounds "11"]
[EventCountry "GER"]
[EventCategory "9"]
[SourceTitle "CBM 020"]
[Source "ChessBase"]
[SourceDate "1991.02.01"]
[SourceVersion "1"]
[SourceVersionDate "1991.02.01"]
[SourceQuality "1"]

1. Nf3 g6 2. d4 Bg7 3. c4 d6 4. g3 e5 5. Nc3 Nd7 6. Bg2 Nh6 7. O-O O-O 8. e4 c6
9. Re1 $5 f6 10. Rb1 a5 11. h3 Nf7 12. Be3 f5 13. Qd2 Nf6 14. exf5 gxf5 15.
dxe5 dxe5 16. Qxd8 Rxd8 17. Na4 Be6 18. b3 Nd7 19. Ng5 $1 Nxg5 20. Bxg5 Re8 21.
Rbd1 Rac8 22. Bf1 Bf8 23. Bd2 b6 24. Bc3 Bb4 25. Bxb4 axb4 26. Rd6 Rc7 27. Bg2
b5 28. cxb5 cxb5 29. Nb6 e4 30. Nxd7 Rxd7 31. Rxd7 Bxd7 32. Rd1 Be6 33. Bf1 Rc8
34. Rd2 Rc1 35. Kg2 Rc5 36. Rd4 Rc2 37. Kg1 Rxa2 38. Rxb4 Rb2 39. Rxb5 Rb1 40.
Kg2 Rb2 41. Bc4 Bxc4 42. bxc4 Rc2 43. Rxf5 Rxc4 44. Rf4 Kg7 45. Kf1 Kg6 46. Ke2
Ra4 47. Ke3 Ra3+ 48. Kxe4 h5 49. Rf3 Ra4+ 50. Ke3 Ra2 51. Rf4 Ra3+ 52. Ke2 Rb3
53. Rc4 Ra3 54. Kf1 Rb3 55. Kg2 Ra3 56. Rc6+ Kg7 57. Rc5 Kg6 58. g4 1-0

[Event "Biel"]
[Site "Biel"]
[Date "1990.??.??"]
[Round "4"]
[White "Lautier, Joel"]
[Black "Miles, Anthony John"]
[Result "1/2-1/2"]
[WhiteElo "2570"]
[BlackElo "2595"]
[Annotator "Ribli,Z"]
[PlyCount "84"]
[EventDate "1990.07.??"]
[EventType "tourn"]
[EventRounds "14"]
[EventCountry "SUI"]
[EventCategory "14"]
[SourceTitle "CBM 019"]
[Source "ChessBase"]
[SourceDate "1990.12.01"]
[SourceVersion "1"]
[SourceVersionDate "1990.12.01"]
[SourceQuality "1"]

1. d4 d6 2. Nf3 Bg4 3. c4 Nd7 4. e4 e5 5. Be2 Be7 6. Nc3 Bxf3 7. Bxf3 Bg5 8.
O-O $5 Bxc1 9. Rxc1 Ngf6 10. g3 O-O 11. Bg2 a6 12. Qd2 Qb8 13. Nd5 Re8 14. dxe5
dxe5 15. c5 c6 16. Ne3 Qa7 17. Nf5 g6 18. Nd6 Red8 19. b4 a5 20. a3 axb4 21.
axb4 b6 22. Qc3 bxc5 23. bxc5 Qa3 24. Rfd1 Qxc3 25. Rxc3 Nf8 26. f4 Ne6 (26...
exf4 27. gxf4 Ne6 28. e5 Nd5 29. Bxd5 cxd5 30. c6) 27. fxe5 Ng4 28. Bh3 h5 29.
Bxg4 hxg4 30. Rf1 Rd7 31. Kg2 Ng5 32. Rc2 Rda7 33. Rf4 Ra2 34. Rxa2 Rxa2+ 35.
Kf1 Rxh2 36. e6 Nxe6 37. Rxf7 Nd4 38. Rf4 Nf3 39. Rxg4 g5 40. e5 Rc2 41. Ra4
Nxe5 42. Ne4 g4 {Ribli} 1/2-1/2

[Event "Interzonal-15"]
[Site "Manila"]
[Date "1990.??.??"]
[Round "2"]
[White "Salov, Valery"]
[Black "Adams, Michael"]
[Result "1/2-1/2"]
[WhiteElo "2655"]
[BlackElo "2590"]
[Annotator "Ribli,Z"]
[PlyCount "40"]
[EventDate "1990.06.29"]
[EventType "swiss"]
[EventRounds "13"]
[EventCountry "PHI"]
[SourceTitle "CBM 019"]
[Source "ChessBase"]
[SourceDate "1990.12.01"]
[SourceVersion "1"]
[SourceVersionDate "1990.12.01"]
[SourceQuality "1"]

1. d4 d6 2. Nf3 Bg4 3. c4 Nd7 4. Qb3 Rb8 5. g3 e5 6. Bg2 Ngf6 (6... Bxf3 7.
Qxf3 Ngf6 8. e3 d5 $2 9. cxd5 Bb4+ 10. Nc3 e4 11. Qe2 $16 {Dokhoian,Y-Hodgson,
Ju Wijk B 1989 47/(73) CBM 12}) 7. Be3 c6 8. Nc3 Qa5 9. O-O $14 Be7 10. Rfd1
O-O 11. h3 Be6 12. d5 cxd5 13. cxd5 Bf5 14. Nh4 Bg6 15. Nxg6 hxg6 16. a3 Rfc8
17. Rac1 Nc5 18. Qc2 Ncd7 19. Qb3 Nc5 20. Qc2 Ncd7 {Ribli} 1/2-1/2